000
00185nam a2200109Ia 4500
100
_a
#N/A
942
_c
BK
654
_a
java 2
245
_a
Games
260
_b
#N/A
546
_a
ENGLISH
999
_c
20394
_d
20394